Top 10 Worlds Fastest Land Animals - Statistics

General Stats
  • This quiz has been taken 531 times
  • The average score is 3 of 10
Answer Stats
Hint Answer % Correct
An African cat Cheetah
97%
The King Lion
78%
A good racing animal Quarter Horse
51%
East African Deer Thomson's Gazelle
39%
Often known as a buck Pronghorn Antelope
24%
A large deer Elk
19%
South Africa's national animal Springbok
17%
An American hunting canine Coyote
14%
A wild African canine Cape Hunting Dog
5%
An abundant African deer Wildebeest
4%
No matching quizzes found
Score Distribution
Percent of People with Each Score
Percentile by Number Answered
Your Score History
You have not taken this quiz